| 000 | 00558nam a22001817a 4500 | ||
|---|---|---|---|
| 999 |
_c167527 _d167527 |
||
| 005 | 20190906115338.0 | ||
| 010 | _aENG_126428 | ||
| 020 |
_a9789388304139 _c195.00 |
||
| 035 | _aEN-109960 | ||
| 037 | _bDBAD/PUB | ||
| 082 | _a808.88 | ||
| 100 | _aDoyle,Arthur Conan | ||
| 245 |
_aSelected works of Arthur Conan Doyle/ _cBy O.Henry |
||
| 260 |
_bMaple Press Private Limited _c2013 _aNoida |
||
| 270 |
_minfo@maplepress.co.in _aA-63,Sector 58 _bNoida _e201301 _k911204553581 |
||
| 300 |
_a406p. _c22cm.(pbk) |
||
| 942 |
_2ddc _cEN _h808.88 _mDOY |
||